000 00430cam a22001337a 4500
008 180718b1912 xxu||||| |||| 00| 0 eng d
082 _aA6x42 P759/9
100 _aLeadam, I.S.
245 _aThe history of England from the accession of Anne to the death of George II (1702-1760)
_cby I.S. Leadam
260 _aLondon
_bLongmans
_c1912
300 _a557p.
440 _aPolitical History of England, vo.9
650 _aU.K. - History
999 _c371731
_d371731